01035nab a2200265 uc450000100070000000500170000700800410002403500110006503500210007604000130009704100080011010000480011824501620016665000260032865000420035465000370039665000220043370000370045570000450049270000410053770000410057877301210061994200100074099900190075092112020240201200122.0050421e20050205 eng  a921120 a(OCoLC)820318369 ccomduadb aeng10aBastos, Francisco Ignacio4auteaut929763010aIs human immunodeficiency virus/acquired immunodeficiency syndrome decreasing among Brazilian injection drug users? Recent findings and how to interpret them aSIDA - Brasil9113830 aUsuarios de drogas inyectadas9143894 aEstudio epidemiológico9122301 7aVIH2lemb985577010aBongertz, Vera4auteaut933821410aLopes Teixeira, Sylvia4auteaut940336010aMorgado, Mariza G.4auteaut933974510aHacker, Mariana A.4auteaut95440980 tMemorias do Instituto Oswaldo Cruz (Rio de Janeiro)gVol. 100, No. 01, Feb. 2005, p. 91-96w280998x0074-0276096126 cARIMP c345641d345641